| 000 | 00409nam a2200145Ia 4500 | ||
|---|---|---|---|
| 041 | _aArabic | ||
| 082 | _a796.01 cut-949 ف | ||
| 100 | _a20260118u\\\\\\\\\\\y0engy0103\\\\ba | ||
| 100 | _aمحمد ثابت الفندي | ||
| 245 | 0 | _aاصول المنطق الرياضي | |
| 250 | _aط1 | ||
| 260 |
_bدار النهضة العربية _aبيروت - لبنان _c1984 |
||
| 300 | _a235 | ||
| 942 | _cBk | ||
| 999 |
_c190206 _d190206 |
||